| 000 | 00618nam a2200181Ia 4500 | ||
|---|---|---|---|
| 003 | GCL | ||
| 008 | 140319s9999 xx 000 0 ara d | ||
| 040 |
_aGCL / _cGCL |
||
| 082 | 0 | 4 |
_a362.7 _bن ا |
| 100 | 1 | _aنعمات احمد فؤاد | |
| 245 | 1 | 0 |
_aازمة الشباب وهموم مصرية / _cنعمات احمد فؤاد |
| 260 |
_a[S.N] : _bدار الحرية للصحافة والطباعة والنشر ، _c1986 |
||
| 490 |
_aكتاب الحرية _v0 |
||
| 650 | 0 | 4 | _aالاحوال الاجتماعية |
| 650 | 0 | 4 | _aالاجتماع |
| 650 | 0 | 4 | _aالسلوك الاجتماعى |
| 942 |
_2ddc _cBK |
||
| 999 |
_c58550 _d58550 |
||